[Event "CAN-ch U20 1977-78"]
[Site "Toronto"]
[Date "1977.12.26"]
[Round "2"]
[White "Materi, Curtis"]
[Black "Rohland, Michael K"]
[Result "0-1"]
[WhiteElo "1922"]
[BlackElo "2039"]
[PlyCount "74"]
[EventDate "1977.12.26"]
[EventType "tourn"]
[EventRounds "10"]
[EventCountry "CAN"]
[SourceTitle "EXT 2022"]
[Source "ChessBase"]
[SourceDate "2021.10.06"]
[SourceVersion "1"]
[SourceVersionDate "2021.10.06"]
[SourceQuality "1"]

1. e4 c5 2. Nc3 Nc6 3. f4 e6 4. Nf3 Nge7 5. Bc4 d5 6. exd5 exd5 7. Bb5 g6 8. 0-0 Bg7 9. d3 0-0 10. Bxc6 Nxc6 11. Ne2 Re8 12. Ng3 Bg4 13. c3 b5 14. h3 Bxf3 15. Qxf3 b4 16. Bd2 Rb8 17. Rab1 Qd7 18. Ne2 a5 19. g4 f5 20. Kh2 a4 21. Ng3 fxg4 22. hxg4 a3 23. cxb4 axb2 24. bxc5 Nd4 25. Qg2 Qxg4 26. Qxd5+ Kh8 27. Qg2 Nc2 28. Ne4 Qxg2+ 29. Kxg2 Na3 30. Kf3 Red8 31. Nd6 Nxb1 32. Rxb1 Kg8 33. Ke4 Bf8 34. Bc3 Bxd6 35. cxd6 Rxd6 36. Be5 Rb4+ 37. Ke3 Ra6 0-1

[Event "Canadian op"]
[Site "Toronto"]
[Date "1976.08.01"]
[Round "2"]
[White "Brodie, Hugh"]
[Black "Materi, Curtis"]
[Result "1/2-1/2"]
[WhiteElo "1881"]
[BlackElo "1663"]
[PlyCount "80"]
[EventDate "1976.08.31"]
[EventType "tourn"]
[EventRounds "10"]
[EventCountry "CAN"]
[SourceTitle "EXT 2022"]
[Source "ChessBase"]
[SourceDate "2021.10.06"]
[SourceVersion "1"]
[SourceVersionDate "2021.10.06"]
[SourceQuality "1"]

1. e4 e5 2. Nc3 Nf6 3. f4 d5 4. fxe5 Nxe4 5. Nf3 Nxc3 6. bxc3 Bg4 7. d4 c5 8. Be2 c4 9. 0-0 Be7 10. Qe1 Nc6 11. Qg3 Qd7 12. h3 Be6 13. a4 h6 14. Ba3 0-0-0 15. a5 g5 16. Bxe7 Nxe7 17. Nd2 Rdg8 18. Bg4 h5 19. Bxe6 fxe6 20. Rab1 Nf5 21. Qe1 g4 22. h4 g3 23. Nf3 Rg4 24. Ng5 Rg8 25. Rxf5 exf5 26. e6 Qe7 27. Qe5 Re4 28. Nxe4 fxe4 29. Qxd5 Rg6 30. Qxc4+ Kb8 31. a6 b6 32. d5 Qxh4 33. Rxb6+ axb6 34. a7+ Ka8 35. Qc8+ Kxa7 36. Qd7+ Kb8 37. Qe8+ Ka7 38. Qa4+ Kb7 39. Qc6+ Ka7 40. Qd7+ Ka6 1/2-1/2